Mots de la langue française terminés par "dale" - Statistiques

Statistiques générales
  • Ce quiz a été pris 154 fois
  • Le résultat moyen est 7 sur 12
Statistiques - réponses
Indice Mot % Correct
chaussure sandale
90%
labyrinthe dédale
87%
levier pédale
81%
casseur vandale
72%
gifle (argot) mandale
71%
esclandre scandale
71%
qui a rapport à un fief féodale
63%
strip-teaseur chippendale
51%
nageoire .... caudale
48%
glande amygdale
42%
qui concerne le pied ou la patte podale
25%
chien airedale
13%
Aucun quiz correspondant
Distribution des résultats
% des personnes avec chaque résultat
Percentile par nombre de réponses
Votre historique - résultats
Vous n’avez pas pris ce quiz